Régimen parlamentario de España en el siglo XIX (Record no. 149838)

MARC details
000 -LEADER
campo de control de longitud fija 00624nam a2200169 i 4500
001 - NÚMERO DE CONTROL
campo de control 149838
003 - IDENTIFICADOR DE NÚMERO DE CONTROL
campo de control ES-MaACL
005 - FECHA Y HORA DE LA ÚLTIMA TRANSACCIÓN
campo de control 20230906203259.0
007 - CAMPO FIJO DE DESCRIPCIÓN FÍSICA--INFORMACIÓN GENERAL
campo de control de longitud fija t|
008 - DATOS DE LONGITUD FIJA--INFORMACIÓN GENERAL
campo de control de longitud fija 140527s1883 sp ||||1| spa d
100 1# - ENTRADA PRINCIPAL--NOMBRE DE PERSONA
Nombre de persona Calvo Marcos, Manuel.
9 (RLIN) 33893
245 10 - MENCIÓN DEL TÍTULO
Título Régimen parlamentario de España en el siglo XIX
Resto del título : apuntes y documentos para su historia : partes primera y segunda /
Mención de responsabilidad, etc. Manuel Calvo Marcos.
260 ## - PUBLICACIÓN, DISTRIBUCIÓN, ETC.
Lugar de publicación, distribución, etc. Madrid :
Nombre del editor, distribuidor, etc. [s.n.],
Fecha de publicación, distribución, etc. 1883 (
Fabricante Est. tip. de El Correo, a cargo de F. Fernández)
300 ## - DESCRIPCIÓN FÍSICA
Extensión VI, 447, CXLVII p. ;
Dimensiones 23 cm.
650 #4 - PUNTO DE ACCESO ADICIONAL DE MATERIA--TÉRMINO DE MATERIA
Término de materia o nombre geográfico como elemento de entrada Parlamentarismo-
Subdivisión geográfica España.
9 (RLIN) 154821
852 ## - LOCALIZACIÓN
Ubicación ES-MaACL
Número de control de estantería G-4199
Holdings
Estatus retirado Estado de pérdida Estado de daño No para préstamo Colección Biblioteca de origen Biblioteca actual Ubicación en estantería Fecha de adquisición Fuente de adquisición Total de préstamos Signatura topográfica completa Código de barras Visto por última vez Precio de reemplazo Tipo de ítem Koha
        Libros del s. XIX Biblioteca del Ateneo de Madrid Biblioteca del Ateneo de Madrid Depósito 2 17/01/2008     G-4199 1156357 23/02/2023 23/02/2023 Libro impreso antiguo